000 00928nam a2200301 a 4500
001 000046077
003 DO-SdBNP
005 20250129081740.0
007 ta
008 150617s2012 dr 000 j spa d
020 _a9789945404708
040 _aDO-SdBNP
_bspa
_cBNPHU
_erda
041 _hspa
082 _aRD863.44
_bJ942m
_222
100 1 _aJulián, Aquiles
_eautor
_974147
245 1 0 _aMujer que llamo Laura :
_by otros cuentos premiados /
_cAquiles Julián.
264 _aSanto Domingo, :
_bEdiciones de cultura
_bMinisterio de Cultura,
_c2012.
300 _a133 p.óginas;
_c23 cm.
336 _ardacontent
_btexto
_2txt
337 _ardamedia
_bsin mediación
_2n
338 _ardacarrier
_bvolumen
_2nc
500 _aIncluye datos biográficos del autor en la solapa
590 _aInventariado, 2025/DG
650 4 _aCuentos dominicanos
650 4 _aLiteratura dominicana
910 _aDG
942 _2ddc
_cLBS1
999 _c45566
_d45566